000 01742njm a2200325 i 4500
001 4574
003 ES-MaACL
005 20250823102459.0
007 s|r|||||||||||
008 041207s1982 sp ||| g ||||||||1|nspa d
245 0 0 _aConcierto por la Orquesta de Laúdes Españoles "Roberto Grandío" (de la A. L. E.)
_h[Grabación sonora] /
_cdirector Miguel Groba Groba ; orquestación y adaptación Manuel Grandio Arcis, Roberto Grandio Rojo.
260 _aMadrid :
_bAteneo de Madrid,
_c1982.
300 _a2 discos (CD-DA) (1 h. 36 min. 46 seg.) ;
_c12 cm.
500 _aDatos basados en invitación.
505 8 _aContiene: Sonata / Fernando Sor. Concierto en do mayor para bandurria y orquesta / Antonio Vivaldi. In memoriam a Bartok / Valentín Ruiz. En el convento / Alexander Borodin. Suite para bandurria y orquesta / Napoleón Coste. Serenata / Joaquín Turina ; solita Pedro Chamorro
518 _aActo organizado por la Sección de Música del Ateneo de Madrid patrocinado por el Ministerio de Cultura, grabado en el salón de actos el sábado 27 de noviembre de 1982, a las 19:00 h.
610 2 4 _aAteneo de Madrid-
_xActos culturales-
_y1982-
_vGrabaciones sonoras.
_91895
610 2 4 _aOrquesta de Laúdes Españoles "Roberto Grandío"
_96080
650 7 _aMúsica para laúd
_2embne
_915414
700 1 _aGroba, Miguel (
_d1935-)
_960098
700 1 _aGrandio Arcis, Manuel.
_959606
700 1 _aGrandio Rojo, Roberto.
_959607
700 1 _aChamorro, Pedro.
_937891
710 2 _aAteneo de Madrid.
_bSección de Música.
_92004
710 1 _aEspaña.
_bMinisterio de Cultura
_93850
852 _aES-MaACL
_jROT 5/4/10
_94691
_cROT
852 _aES-MaACL
_jROT 5/4/11
_9203601
_cROT
942 _2udc
999 _c4574
_d4574